000 01473nam2a22002651 4500
001 RU\NLR\INFOCOMM18\1000210646
005 20250617013130.0
035 _a(NLR Aleph) 002345941
090 _a4497391
_c4497391
100 _a20041026d1929 |||y0rusy50 ca
101 0 _arus
102 _aRU
105 _ay |||||||||
200 1 _aОтзывчивость различных почв на известкование
_e(По данным вегетационных опытов 1921-1928 годов)
_fС.П. Орлов
_gОтд. агрохимии
210 _d1929
_aБ. м.
461 0 _1001RU\NLR\INFOCOMM18\1000210631
_12001#$aТруды Вятской областной сельскохозяйственной опытной станции$fНКЗ$vВып.14(57)
_94497349
_aСеверо-Восточная областная сельскохозяйственная опытная станция (Киров)
_cВятка
_d1915-1930
_fНКЗ
_nВятская обл. с.-х. опытная станция
_tТруды Вятской областной сельскохозяйственной опытной станции
_vВып.14(57)
700 1 _4070
_7ca
_8rus
_aОрлов
_bС. П.
_cагрохимик
_f1887-
_gСергей Петрович
_9267186
_3RU\NLR\AUTH\770267242
801 1 _aRU
_bInfoComm
_c20041026
801 0 _aRU
_bNLR
_gPSBO
852 _aNLR
_j80/423
852 _aNLR
_j18.391.4.49
942 _cISSUE
980 _aNB
980 _aRUSPER